000 01142fam a2200349 a 4500
001 1703277
003 ARRUPE
005 20150910100122.0
008 950511s1995 mau b 011 0 eng
010 _a 95020335
020 _a0792335678 (alk. paper)
035 _a(OCoLC)503426968
035 _a(OCoLC)ocn503426968
035 _a(NNC)1703277
040 _aDLC
_cDLC
_dNNC
050 0 0 _aB73
_b.F765 1995
082 0 0 _a190/.9/04
_220
245 0 0 _aFrom phenomenology to thought, errancy, and desire :
_bessays in honor of William J. Richardson, S.J. /
_cedited by Babette E. Babich.
260 _aBoston :
_bKluwer Academic,
_c1995.
263 _a9511
300 _axv, 637 p. :
_bill. ;
_c25 cm.
490 1 _aPhaenomenologica ;
_v133
600 1 0 _aHeidegger, Martin,
_d1889-1976.
_919593
600 1 0 _aLacan, Jacques,
_d1901-1981.
_919594
650 0 _aPhilosophy.
_919595
650 0 _aPhilosophy, Modern
_y20th century.
_919596
650 0 _aPsychoanalysis and philosophy.
_913321
700 1 _aBabich, Babette E.,
_d1956-
_919442
_eed.
830 0 _aPhaenomenologica ;
_v133.
_919598
942 _2lcc
_cSPC
999 _c123325
_d123325